Roi et empereur français en image - Statistiques

Statistiques générales
  • Ce quiz a été pris 114 fois
  • Le résultat moyen est 10 sur 15
Statistiques - réponses
Par images Réponse % Correct
Louis XIV
100%
Napoléon I
92%
Louis XVI
90%
François I
89%
Charlemagne
84%
Napoléon III
75%
Henri IV
74%
Louis XVIII
66%
Louis-Philippe I
57%
Louis XIII
55%
Clovis I
47%
Louis IX
43%
Charles VI
33%
Hugues Capet
26%
Pépin le Bref
20%
Aucun quiz correspondant
Distribution des résultats
% des personnes avec chaque résultat
Percentile par nombre de réponses
Votre historique - résultats
Vous n’avez pas pris ce quiz